Manila men in the new world : (Record no. 5891)

MARC details
000 -LEADER
fixed length control field 00910nam a22002297a 4500
003 - CONTROL NUMBER IDENTIFIER
control field OSt
005 - DATE AND TIME OF LATEST TRANSACTION
control field 20251120141024.0
008 - FIXED-LENGTH DATA ELEMENTS--GENERAL INFORMATION
fixed length control field 251120b |||||||| |||| 00| 0 eng d
020 ## - INTERNATIONAL STANDARD BOOK NUMBER
International Standard Book Number 971-978-542-529-2.
040 ## - CATALOGING SOURCE
Original cataloging agency DWCL-Main lib
Transcribing agency OC
082 ## - DEWEY DECIMAL CLASSIFICATION NUMBER
Classification number Fil. 909.04 M554m 2007
100 ## - MAIN ENTRY--PERSONAL NAME
Personal name Mercene, Floro L.
245 ## - TITLE STATEMENT
Title Manila men in the new world :
Remainder of title Filipino migration to Mexico and the Americas from the sixteenth century
Statement of responsibility, etc. Mercene, Floro L.
260 ## - PUBLICATION, DISTRIBUTION, ETC.
Place of publication, distribution, etc. Quezon City :
Name of publisher, distributor, etc. The University of the Philippines Press,
Date of publication, distribution, etc. c2007.
300 ## - PHYSICAL DESCRIPTION
Extent 161 pages :
Other physical details illustration ;
Dimensions 23 cm.
504 ## - BIBLIOGRAPHY, ETC. NOTE
Bibliography, etc. note Includes bibliographical references.
650 ## - SUBJECT ADDED ENTRY--TOPICAL TERM
Source of heading or term 1. Filipinos-Employment-History-Sources.
650 ## - SUBJECT ADDED ENTRY--TOPICAL TERM
Source of heading or term 2. Filipinos-Employment-United States-History-Sources.
650 ## - SUBJECT ADDED ENTRY--TOPICAL TERM
Source of heading or term 3. Filipinos-Foreign countries-16th century.
650 ## - SUBJECT ADDED ENTRY--TOPICAL TERM
Source of heading or term 4. Filipinos-Foreign countries-History-Sources.
942 ## - ADDED ENTRY ELEMENTS (KOHA)
Source of classification or shelving scheme Dewey Decimal Classification
Koha item type Book-Filipiniana
Call number prefix Fil.
Suppress in OPAC No
952 ## - LOCATION AND ITEM INFORMATION (KOHA)
--
Holdings
Withdrawn status Lost status Source of classification or shelving scheme Damaged status Not for loan Home library Current library Shelving location Date acquired Cost, normal purchase price Total Checkouts Full call number Barcode Date last seen Copy number Price effective from Koha item type Uniform Resource Identifier
    Dewey Decimal Classification     College Library College Library Filipiniana 07/16/2008 0.00   Fil. 909.04 M554m 2007 46060 11/20/2025 c1 11/20/2025 BK - FIL